Score 0/9 Timer 03:00
0 Plays Today
Varieties Drink Name % Correct
Pike's Place, Clover, Pick of the Day, Misto, and IcedCoffee
82.4%
White Hot and regularHot Chocolate
75%
Coffee,Vanilla,Mocha,Chocolate Mocha, and all of those countless blended beveragesFrappuccino
60.8%
Cold or Steamed and Flavored, a kid's drinkMilk
57.8%
Mocha,Latte,Espresso,CappuccinoEspresso
53.9%
Chocolate,Orange Mango,StrawberryVivianno Smoothies
35.8%
Cold or steamed, it is a classic kid's drinkApple Juice
34.3%
Iced Tea,Hot Tea, Passion Tea,Tea,Tea, and more teaTazo Tea
33.8%
It is either an energy drink, Energy+Coffee,+Cinnamon,+Mocha,+Vanilla, or an espresso flavored drink,Espresso or Light Espresso 'Two Times Shot'Doubleshot
30.4%
Remove Ads.
Support Sporcle.
Get the best of Sporcle when you Go Orange. This ad-free experience offers more features, more stats, and more fun while also helping to support Sporcle. Thank you for becoming a member.

You're not logged in!

Compare scores with friends on all Sporcle quizzes.
OR
Log In

Show Comments

Extras

Created Oct 15, 2010SourceReportNominate
Tags:coffee, starbucks

Top Quizzes Today


Score Distribution

Your Account Isn't Verified!

In order to create a playlist on Sporcle, you need to verify the email address you used during registration. Go to your Sporcle Settings to finish the process.

Report this User

Report this user for behavior that violates our Community Guidelines.

Details: